02115nam a2200553 a 450000500170000000800410001702000180005804100080007610000330008424500620011725000110017926000390019030000240022950001020025365300380035565300580039365300190045165300470047065300450051765300330056265300320059565300350062765300460066265300340070865300310074265300210077365300180079465300180081265300690083065300600089965300470095965300350100665300430104165300470108465300270113165300300115865300210118865300310120965300190124065300300125965300970128965300230138665300180140965300160142765300330144365300150147665300350149165300350152620240430114831.0141118t2013||||mx a f |||| 001 0 spa d a9786074483529 aspa1 aRodríguez Pérez, Elba G. aParasitología médica / cElba G. Rodríguez Pérez a1a ed. aMéxico: bManual Moderno;c2013. a386 p.bil.c23 cm. aRodríguez Pérez, E. G. (2013). Parasitología médica. (1a ed.). México : Manual Moderno. aGeneralidades de los protozoarios aDisenteria amibiana, abceso hepático amibiano (AHA) aBlastocistosis aMeningoencefalitis amibiana primaria (MAP) aEncefalitis granulomatosa amibiana (EGA) aBalantidiosis, balantidiasis aGastroenteritis por Giardia aTrichominiasis, trichomoniosis aCryptosporidiosis, diarrea acuosa profusa aCiclosporosis, ciclosporiasis aIsosporiosis, isosporiasis aMicrosporidiosis aToxoplasmosis aNeumocistosis aTripanosomiosis americana, trypanosomiasis, enfermedad de Chagas aLeishmaniosis, leishmaniasis, úlcera de los chicleros aPaludismo, Malaria, Fiebre de los Pantanos aGeneralidades de los helmintos aEnterobiosis, enterobiasis, oxiuriasis aTrichiurosis, trichuriasis, tricocefalosis aAscariosis, ascariasis aToxocarisis, toxocariasis aEstrongiloidosis aNecatoriosis, necatoriasis aGnatostomiasis aTriquinosis, triquiniasis aOncocercosis, Ceguera de los Ríos, Enfermedad de Robles, Mal morado, Erisipela de la Costa aTeniosis, teniasis aCisticercosis aHidatidosis aHimenolepiasis, dilipidiasis aFaciolosis aParagonimiosis, paragonimiasis aAnexo: cuadros de prevención